| 000 | 00454nam a22001937a 4500 | ||
|---|---|---|---|
| 005 | 20230919104537.0 | ||
| 008 | 230919b |||||||| |||| 00| 0 eng d | ||
| 020 | _a9780074623206 | ||
| 082 |
_a579 _bPEL-M |
||
| 100 | _aPelczar, Michael J. | ||
| 245 | _aMicrobiology | ||
| 250 | _a5th ed. | ||
| 260 |
_aIndia _bDzzlcrdkryaly _c2006 |
||
| 300 | _a917 | ||
| 500 | _aInclude Index | ||
| 650 | _aMedical | ||
| 700 | _aMichael J. Pelczar | ||
| 999 |
_c33627 _d33627 |
||